000 00568nam a2200181 i 4500
001 149943
003 ES-MaACL
005 20230906203323.0
007 t|
008 071025s1955 sp ||||1| spa d
100 1 _aVander, Adrianus.
_9113059
245 1 4 _aLas enfermedades y su tratamiento por las plantas
_b: tratado práctico de medicina vegetal... /
_cAdrián Vander.
250 _a4ª ed.
260 _aBarcelona :
_bSintes,
_c1955.
300 _a282 p., 8 lám. :
_bil. ;
_c29 cm.
650 0 4 _aFitoterapia.
_912893
852 _aES-MaACL
_jC-14135
_bR.42025
999 _c149943
_d149943